[Event "7. LGA Premium Cup"]
[Site "Nürnberg"]
[Date "2010.09.03"]
[Round "3.79"]
[White "Grasser, Stefan"]
[Black "Karasek, Christian"]
[Result "0-1"]
[WhiteElo "1800"]
[BlackElo "2063"]
[PlyCount "104"]
[EventDate "2010.09.02"]
[WhiteTeam "SV Hellern"]

1. c4 Nf6 2. Nc3 e6 3. e4 d5 4. e5 Nfd7 5. d4 dxc4 6. Bxc4 Nb6 7. Bb3 Nd5 8.
Nf3 Be7 9. O-O b6 10. Nxd5 exd5 11. Re1 Be6 12. Be3 c5 13. Rc1 c4 14. Ba4+ Bd7
15. Bxd7+ Qxd7 16. Bg5 O-O 17. Bxe7 Qxe7 18. Re3 b5 19. Ne1 a5 20. f4 f6 21. e6
f5 22. Re5 Nc6 23. Rxd5 Qxe6 24. Qf3 Rfd8 25. Re5 Nxe5 26. dxe5 Qd5 27. Qxd5+
Rxd5 28. Nf3 Rad8 29. Kf2 h6 30. h4 Rd1 31. Rc2 Ra1 32. a3 Rdd1 33. Re2 Kf7 34.
e6+ Ke7 35. Ne5 Rd6 36. Ng6+ Ke8 37. g4 fxg4 38. f5 Rad1 39. Kg3 R1d2 40. Re5
R6d5 41. Rxd5 Rxd5 42. Kxg4 b4 43. axb4 axb4 44. Nf4 Rd4 45. f6 gxf6 46. Kf5
Rxf4+ 47. Kxf4 c3 48. bxc3 b3 49. Kf5 b2 50. Kxf6 b1=Q 51. h5 Qg1 52. Ke5 Qc5+
0-1

[Event "7. LGA Premium Cup"]
[Site "Nürnberg"]
[Date "2010.09.03"]
[Round "3.80"]
[White "Babichev, Vyacheslav"]
[Black "Henrichs, Wenke"]
[Result "0-1"]
[WhiteElo "1785"]
[BlackElo "2061"]
[PlyCount "98"]
[EventDate "2010.09.02"]
[WhiteTeam "SW Nürnberg Süd e.V."]
[BlackTeam "Schachverein Wattenscheid 1930"]

1. e4 c5 2. Nc3 Nc6 3. g3 g6 4. Bg2 Bg7 5. d3 e6 6. f4 d6 7. Nf3 Nge7 8. O-O
Rb8 9. Be3 Nd4 10. Rb1 O-O 11. Ne2 Nxf3+ 12. Bxf3 f5 13. Qd2 b6 14. c3 Bb7 15.
Rf2 Qc7 16. Qc2 Rbe8 17. Qb3 Nc6 18. a3 Kh8 19. Qc2 Ne7 20. d4 fxe4 21. Bg2 Nf5
22. Qd2 Nxe3 23. Qxe3 d5 24. Bh3 Ba6 25. Rc1 Bd3 26. Rd1 Qc6 27. Nc1 Ba6 28.
Bf1 cxd4 29. cxd4 Qa4 30. Rfd2 Bxf1 31. Rxf1 Rc8 32. Ne2 Rc7 33. Nc3 Qb3 34.
Rfd1 Rfc8 35. Kg2 b5 36. Qe2 Qc4 37. Nxb5 Qxe2+ 38. Rxe2 Rc2 39. Rdd2 Rxd2 40.
Rxd2 a6 41. Nc3 Kg8 42. Kf2 Bf8 43. Ne2 Kf7 44. Ke3 Be7 45. b4 Rc4 46. Rb2 Ke8
47. Rb3 Bf6 48. Rc3 Bxd4+ 49. Nxd4 Rxc3+ 0-1

[Event "7. LGA Premium Cup"]
[Site "Nürnberg"]
[Date "2010.09.03"]
[Round "3.81"]
[White "Seidel, Michael"]
[Black "Bayer, Rolf"]
[Result "1-0"]
[WhiteElo "2058"]
[BlackElo "1732"]
[PlyCount "87"]
[EventDate "2010.09.02"]
[WhiteTeam "PTSV SK Hof 1892"]
[BlackTeam "SC Noris-Tarrasch Nürnberg 1873"]

1. e4 c5 2. Nf3 Nc6 3. d4 cxd4 4. Nxd4 Nf6 5. Nc3 e6 6. Ndb5 d6 7. Bf4 e5 8.
Bg5 a6 9. Na3 Be6 10. Bxf6 gxf6 11. Nd5 b5 12. c3 Bg7 13. Nc2 f5 14. exf5 Bxf5
15. Nce3 Bg6 16. Qg4 Ne7 17. Nxe7 Qxe7 18. Rd1 O-O 19. a4 bxa4 20. Qxa4 Rfb8
21. Qa3 Bf8 22. Bc4 Ra7 23. Bd5 Qc7 24. O-O Qc5 25. b4 Qc7 26. Ra1 Kg7 27. Rfc1
f5 28. Be6 f4 29. Nd1 Bf7 30. Qa2 Bxe6 31. Qxe6 Qf7 32. Qg4+ Qg6 33. Qe2 Rb6
34. f3 Qf5 35. Ra5 Qe6 36. Qe4 Qd7 37. g3 fxg3 38. hxg3 Qh3 39. Rc2 Qh6 40. Ne3
Qg6 41. Nf5+ Kf6 42. g4 Qf7 43. Ne3 Qg6 44. Nd5+ 1-0

[Event "7. LGA Premium Cup"]
[Site "Nürnberg"]
[Date "2010.09.03"]
[Round "3.82"]
[White "Ortpaul, Mario"]
[Black "Krawczyk, Harald"]
[Result "1-0"]
[WhiteElo "1958"]
[BlackElo "1723"]
[PlyCount "63"]
[EventDate "2010.09.02"]
[WhiteTeam "Schachklub Halle 1946 e.V."]
[BlackTeam "SV Rot-Weiß Neuenhagen"]

1. Nf3 Nf6 2. c4 c5 3. Nc3 Nc6 4. d4 e6 5. d5 Ne7 6. Nb5 Nf5 7. d6 Nxd6 8.
Nxd6+ Bxd6 9. Qxd6 Ne4 10. Qd3 f5 11. g3 O-O 12. Bg2 d5 13. cxd5 exd5 14. O-O
b6 15. Rd1 Bb7 16. Nd2 Qf6 17. Nf3 h6 18. Qc2 Rad8 19. Nd2 g5 20. Nxe4 fxe4 21.
Rf1 Rf7 22. Bd2 Rdf8 23. f3 Qe6 24. fxe4 Rxf1+ 25. Rxf1 Rxf1+ 26. Kxf1 Qg6 27.
Qb3 Kh7 28. exd5 Qb1+ 29. Be1 Qf5+ 30. Kg1 Qe5 31. Qd3+ Kg8 32. Bc3 1-0

[Event "7. LGA Premium Cup"]
[Site "Nürnberg"]
[Date "2010.09.03"]
[Round "3.83"]
[White "Adelhütte, Dennis"]
[Black "Kurz, Leonhard"]
[Result "1-0"]
[WhiteElo "1942"]
[BlackElo "1599"]
[PlyCount "55"]
[EventDate "2010.09.02"]
[WhiteTeam "SC Erlangen 48/88"]
[BlackTeam "SK Nürnberg 1911 e.V."]

1. e4 c5 2. c3 d6 3. d4 cxd4 4. cxd4 Nf6 5. Nc3 g6 6. Bc4 Bg7 7. Nf3 Nc6 8. Be3
Bd7 9. a3 Rc8 10. Ba2 O-O 11. O-O Ng4 12. Bg5 h6 13. Bh4 g5 14. Bg3 Kh8 15. h3
Nf6 16. Qd3 Nh5 17. Bh2 f5 18. e5 dxe5 19. Nxe5 Nxe5 20. dxe5 f4 21. Rfd1 Bf5
22. Qe2 Qe8 23. Bd5 Qg6 24. Bf3 Nf6 25. exf6 Bxf6 26. Nd5 Rc2 27. Qe1 Bxb2 28.
Nxe7 1-0

[Event "7. LGA Premium Cup"]
[Site "Nürnberg"]
[Date "2010.09.03"]
[Round "3.84"]
[White "Walch, Roger"]
[Black "Wittenbrock, Frank"]
[Result "1-0"]
[WhiteElo "1734"]
[BlackElo "1937"]
[PlyCount "71"]
[EventDate "2010.09.02"]
[WhiteTeam "SW Nürnberg Süd e.V."]
[BlackTeam "Schachklub Halle 1946 e.V."]

1. e4 c5 2. Nf3 d6 3. d4 cxd4 4. Nxd4 Nf6 5. Nc3 g6 6. f3 Bg7 7. Be3 Nc6 8. Qd2
O-O 9. O-O-O a6 10. h4 Ne5 11. Bh6 Kh8 12. Bxg7+ Kxg7 13. h5 gxh5 14. Nd5 e6
15. Qg5+ Ng6 16. Nxf6 Qxf6 17. Qxh5 Qf4+ 18. Kb1 h6 19. g4 Qg5 20. Qh2 Qf4 21.
Qf2 b5 22. Ne2 Qe5 23. Rh5 Qf6 24. Qe3 Ne5 25. Nd4 Rg8 26. Bh3 Nc4 27. Qc1 Bb7
28. g5 hxg5 29. Rxg5+ Kf8 30. Rxg8+ Kxg8 31. b3 Nb6 32. Nxe6 d5 33. Rg1+ Kh8
34. e5 Qh4 35. Nc7 Rg8 36. Rh1 1-0

[Event "7. LGA Premium Cup"]
[Site "Nürnberg"]
[Date "2010.09.03"]
[Round "3.85"]
[White "Thürauf, Peter"]
[Black "Beesk, Kevin"]
[Result "1/2-1/2"]
[WhiteElo "1920"]
[BlackElo "1547"]
[PlyCount "36"]
[EventDate "2010.09.02"]
[WhiteTeam "SW Nürnberg Süd e.V."]
[BlackTeam "SK Neumarkt e.V."]

1. d4 Nf6 2. Nf3 c5 3. d5 d6 4. Nc3 e5 5. e4 a6 6. a4 Be7 7. h3 Nbd7 8. Be2 Nf8
9. Be3 Ng6 10. Qd2 h6 11. Nh2 Nh7 12. Nf1 Bg5 13. g3 O-O 14. h4 Bxe3 15. Nxe3
Re8 16. Ra3 Bd7 17. Nf5 Qc7 18. Qe3 Rab8 1/2-1/2

[Event "7. LGA Premium Cup"]
[Site "Nürnberg"]
[Date "2010.09.03"]
[Round "3.87"]
[White "Mehringer, Jörg"]
[Black "Forster, Stephan"]
[Result "0-1"]
[WhiteElo "1904"]
[BlackElo "1521"]
[PlyCount "94"]
[EventDate "2010.09.02"]
[WhiteTeam "SC Weisse Dame e.V."]
[BlackTeam "SG Siemens Amberg"]

1. e4 c5 2. d4 cxd4 3. c3 d6 4. cxd4 g6 5. Bc4 Bg7 6. Ne2 Nf6 7. Nbc3 O-O 8.
O-O a6 9. a3 b5 10. Ba2 Bb7 11. d5 Nbd7 12. Ng3 Rc8 13. Be3 Ne5 14. Rc1 Nc4 15.
Qe2 h5 16. Bg5 Nd7 17. Kh1 f6 18. Be3 h4 19. Nh5 gxh5 20. Qxh5 Nxe3 21. fxe3
Ne5 22. Rcd1 Qe8 23. Qxh4 Qg6 24. Rf5 Qg4 25. Qe1 Kf7 26. h3 Qg6 27. Ne2 Bh6
28. Nd4 Rg8 29. g4 Rh8 30. Qg3 Rcg8 31. Kg2 Bg5 32. Ne6 Bh4 33. Qf4 Ke8 34. Bb1
Bg5 35. Qg3 Qh6 36. Rc1 Nc4 37. Nf4 Bc8 38. Rxg5 fxg5 39. Ne2 Bd7 40. b3 Ne5
41. Nd4 Rf8 42. Rc7 Nxg4 43. Nf5 Bxf5 44. exf5 Ne5 45. Bc2 Qh5 46. Kf2 Qxh3 47.
Qxg5 Qh4+ 0-1

[Event "7. LGA Premium Cup"]
[Site "Nürnberg"]
[Date "2010.09.03"]
[Round "3.88"]
[White "Münzenberg, Dietrich"]
[Black "Neumann, Robert"]
[Result "1/2-1/2"]
[WhiteElo "1604"]
[BlackElo "1882"]
[PlyCount "53"]
[EventDate "2010.09.02"]
[WhiteTeam "Spvg Zabo-Eintracht Nürnberg e.V"]
[BlackTeam "SC Noris-Tarrasch Nürnberg 1873"]

1. d4 Nf6 2. Bg5 d5 3. Bxf6 exf6 4. g3 Bd6 5. Bg2 c6 6. Nd2 Qb6 7. Nb3 O-O 8.
e3 Re8 9. Ne2 Bg4 10. O-O Nd7 11. Re1 a5 12. a4 f5 13. Qd3 Bxe2 14. Rxe2 g6 15.
c4 dxc4 16. Qxc4 Nf6 17. Nd2 Rad8 18. b3 Bb4 19. Nf3 Ne4 20. Rc1 Kg7 21. Ne5
Nd6 22. Qc2 f6 23. Nd3 Ne4 24. Nxb4 Qxb4 25. Qc4 Qb6 26. Rb2 Rd7 27. b4 1/2-1/2

[Event "7. LGA Premium Cup"]
[Site "Nürnberg"]
[Date "2010.09.03"]
[Round "3.89"]
[White "Belich, Maxim"]
[Black "Hoffmann, Ayar"]
[Result "0-1"]
[WhiteElo "1591"]
[BlackElo "1782"]
[PlyCount "90"]
[EventDate "2010.09.02"]
[WhiteTeam "SW Nürnberg Süd e.V."]
[BlackTeam "SC Postbauer-Heng e.V"]

1. e4 d6 2. d4 g6 3. Nf3 Bg7 4. c3 Nc6 5. Bb5 a6 6. Ba4 b5 7. Bb3 Na5 8. Bc2
Bb7 9. Qe2 e5 10. b4 Nc4 11. Bb3 Nb6 12. d5 Ne7 13. Be3 Nd7 14. c4 bxc4 15.
Bxc4 O-O 16. O-O f5 17. Ng5 Qc8 18. Ne6 Rf7 19. Nd2 f4 20. Bc5 Nf8 21. Ng5 Rf6
22. b5 axb5 23. Bb3 h6 24. Ngf3 Qe8 25. Bb4 g5 26. Nxe5 Kh8 27. Nef3 Nxd5 28.
Bxd5 Bxd5 29. Rfe1 Re6 30. Rac1 c5 31. Bxc5 dxc5 32. Rxc5 Bc6 33. e5 Nd7 34.
Rc2 g4 35. Nd4 Rxe5 36. Rxc6 Rxe2 37. Rxe2 Ne5 38. Re6 Qd7 39. N2b3 Ra4 40.
R2xe5 Bxe5 41. Rxe5 Rxd4 42. Nxd4 Qxd4 43. Re8+ Kg7 44. h3 g3 45. Re7+ Kf6 0-1

[Event "7. LGA Premium Cup"]
[Site "Nürnberg"]
[Date "2010.09.03"]
[Round "3.90"]
[White "Zikeli, Julia"]
[Black "Ratscheu, Stefan"]
[Result "1-0"]
[WhiteElo "1844"]
[BlackElo "1307"]
[PlyCount "39"]
[EventDate "2010.09.02"]
[WhiteTeam "SG Schwäb.Gmünd 1872 e.V"]
[BlackTeam "SC Postbauer-Heng e.V"]

1. e4 e6 2. d4 d5 3. Nc3 Nc6 4. e5 Nge7 5. Bg5 h6 6. Bh4 g5 7. Bg3 Bg7 8. Qg4
O-O 9. h4 Ng6 10. Nf3 Nb4 11. O-O-O f6 12. a3 Nc6 13. Bd3 Qe8 14. hxg5 fxg5 15.
Ne2 Nce7 16. Rh5 Nf5 17. Rdh1 Nxg3 18. fxg3 Bd7 19. Nxg5 hxg5 20. Rxg5 1-0

[Event "7. LGA Premium Cup"]
[Site "Nürnberg"]
[Date "2010.09.03"]
[Round "3.91"]
[White "Dreiseitel, Ursula"]
[Black "Walter, Manfred"]
[Result "0-1"]
[WhiteElo "1533"]
[BlackElo "1825"]
[PlyCount "86"]
[EventDate "2010.09.02"]
[WhiteTeam "SC Noris-Tarrasch Nürnberg 1873"]
[BlackTeam "SV Lauf a.d.P."]

1. d4 d6 2. Nf3 Nf6 3. c4 Nbd7 4. Nc3 e5 5. dxe5 dxe5 6. Qc2 Be7 7. Bg5 O-O 8.
e4 b6 9. Be2 Bb7 10. Rd1 Ng4 11. Bxe7 Qxe7 12. Nd5 Qc5 13. O-O Ngf6 14. Qc3
Nxe4 15. Qe3 Qxe3 16. Nxe3 Rad8 17. Nd5 c5 18. Nh4 Ndf6 19. Nxf6+ Nxf6 20. Bd3
g6 21. f3 Rd4 22. g4 Nxg4 23. fxg4 Rxg4+ 24. Kf2 Rxh4 25. Kg3 Rd4 26. Be2 Rfd8
27. Rxd4 Rxd4 28. Rf2 Rd2 29. Bf1 Rxf2 30. Kxf2 f5 31. Be2 Kg7 32. Bd1 Kf6 33.
Ba4 g5 34. Bd7 h5 35. a3 g4 36. Be8 Kg5 37. b4 h4 38. Bf7 f4 39. Bd5 g3+ 40.
hxg3 hxg3+ 41. Kf3 Bxd5+ 42. cxd5 Kf6 43. bxc5 bxc5 0-1